LEADER 01666nam 2200445 450 001 000011307 005 20050718115400.0 010 $a3-540-50587-3 100 $a20020819d1990----km-y0itay0103----ba 101 0 $aeng 102 $aUS 200 1 $aNéron models$fSiegfried Bosch, Werner Lütkebohmert, Michel Raynaud 210 $aBerlin [etc.]$cSpringer$dc1990 215 $aX, 325 p.$d25 cm. 225 1 $aErgebnisse der Mathematik und ihrer Grenzgebiete$v3. Folge, Bd. 21 606 $aGeometria algebrica 676 $a516.35$v(20. ed.)$9Geometria algebrica classica 691 $a14Kxx$9Algebraic geometry. Abelian varieties and schemes 691 $a14L15$9Algebraic geometry. Algebraic groups. Group schemes 691 $a14H40$9Algebraic geometry. Curves. Jacobians, Prym varietes 691 $a14B10$9Algebraic geometry. Local theory. Infinitesimal methods 700 1$aBosch,$bSiegfried$041946 701 1$aLütkebohmert,$bWerner$0756960 701 1$aRaynaud,$bMichel$0334256 801 0$aIT$bUniversità della Basilicata - B.I.A.$gRICA$2unimarc 912 $a000011307 996 $aNéron models$91526742 997 $aUNIBAS BAS $aMONSCI BAS $aMONOGR BAS $aSCIENZE CAT $aEXT002$b01$c20020819$lBAS01$h1751 CAT $aEXT002$b01$c20020819$lBAS01$h1808 CAT $c20050601$lBAS01$h1754 CAT $abatch$b01$c20050718$lBAS01$h1051 CAT $c20050718$lBAS01$h1110 CAT $c20050718$lBAS01$h1140 CAT $c20050718$lBAS01$h1154 FMT Z30 -1$lBAS01$LBAS01$mBOOK$1BASA2$APolo Tecnico-Scientifico$2GEN$BCollezione generale$3MAT$667566$5S67566$820020819$f51$FRiservati LEADER 01055cam0 22002653 450 001 SOB006263 005 20241108150000.0 010 $a8834806654 100 $a20000101d2000 |||||ita|0103 ba 101 $aita 102 $aIT 200 1 $a<>spazio giudiziario europeo$ela Convenzione di Bruxelles (con la proposta di regolamento comunitario) e la Convenzione di Lugano$fSergio M. Carbone 205 $a3. ed. interamente riveduta aggiornata ed ampliata 210 $aTorino$cGiappicheli$d2000 215 $aX, 296 p.$d24 cm 700 1$aCarbone$b, Sergio M.$3AF00004142$4070$0437591 801 0$aIT$bUNISOB$c20241108$gRICA 850 $aUNISOB 852 $aUNISOB$jFondo|Cofin$m106976 912 $aSOB006263 940 $aM 102 Monografia moderna SBN 941 $aM 957 $aFondo|Cofin$b000117$gSI$d106976$hCofin$rACQUISTO$1carrano$2UNISOB$3UNISOB$420130124120244.0$520210524082928.0$6Spinosa$fPer le modalità di consultazione vedi homepage della Biblioteca link Fondi 996 $aSpazio giudiziario europeo$9207651 997 $aUNISOB